000 00679nam a2200289Ia 4500
005 20260324120136.0
008 008 260324s9999 xx 000 0 eng d
020 _a9781315760742
037 _aEBOOK
040 _aCRL
040 _beng
040 _cCRL
041 _2eng
041 _aeng
084 _qCRL
100 _aMary Ganis
_91157402
245 0 _aPlanning Urban Places
245 0 _bSelf-Organising Places with People in Mind
260 _bTaylor and Francis
260 _c2015
365 _a
365 _b265
856 _uhttp://www.taylorfrancis.com/books/9781315760742
942 _cEBOOK
999 _c1748756
_d1748756